| 000 | 00458nam a2200157Ia 4500 | ||
|---|---|---|---|
| 999 |
_c19021 _d19021 |
||
| 003 | OSt | ||
| 005 | 20200703145023.0 | ||
| 008 | 190216s9999||||xx |||||||||||||| ||und|| | ||
| 040 | _coclc | ||
| 082 |
_a940 _bLIP/E |
||
| 100 |
_aLipson, E _93526 |
||
| 245 | 0 |
_aEurope In The 19th And 20th Centuries / _cE Lipson |
|
| 260 |
_bEnglish Language Book Society, _c1963. _aLondon: |
||
| 300 | _a504p | ||
| 942 |
_cBK _2ddc _h940 _iLIP/E _k940 _mLIP/E |
||